| 000 | 00574nam a2200205Ia 4500 | ||
|---|---|---|---|
| 005 | 20221107130411.0 | ||
| 008 | 131103s9999 xx 000 0 und d | ||
| 020 |
_aSBN 0195624904 _cRs.197 |
||
| 040 | _aLoreto College | ||
| 041 | _aEnglish | ||
| 082 |
_a954.02 _bSTR |
||
| 100 | _aStreusand,Douglas E. | ||
| 245 | 4 |
_aThe formation of the Mughal empire _cDouglas E.Streusand |
|
| 260 |
_aDelhi _bOxford University Press _c1989 |
||
| 300 | _ax,206 p. | ||
| 504 | _aIncludes index and bibliography | ||
| 650 | _aAncient Indian History | ||
| 850 | _aLCLIB | ||
| 942 | _cBK | ||
| 999 |
_c8925 _d59404 |
||